مكتبة جامعة عجلون الوطنية

فهرس بحث المكتبة

Normal view MARC view
  • فريحات، محمد شفيق

Entry Personal Name

Number of records used in: 5

001 - CONTROL NUMBER

  • control field: 65064

003 - CONTROL NUMBER IDENTIFIER

  • control field: JO-AjAnu

005 - DATE AND TIME OF LATEST TRANSACTION

  • control field: 20240316105633.0

008 - FIXED-LENGTH DATA ELEMENTS

  • fixed length control field: 240316|| aca||aabn | a|a d

040 ## - CATALOGING SOURCE

  • Original cataloging agency: JO-AjAnu

100 ## - HEADING--PERSONAL NAME

  • Personal name: فريحات، محمد شفيق